| 000 | 01227nam a2200325 i 4500 | ||
|---|---|---|---|
| 001 | 13307 | ||
| 003 | KOSZ 005 | ||
| 005 | 20220725082227.0 | ||
| 008 | 990506s1971 pl f 001 0 pol | ||
| 015 | _aPB 1971/2561 | ||
| 040 |
_aWA N _cWA N _dKOSZ 005/RW |
||
| 080 | _a001(438):351.83(438) | ||
| 100 | 1 |
_aJaroszyński, Maurycy _d(1890-1974) _eAutor |
|
| 245 | 1 | 0 |
_aPrawo pracowników naukowych / _cMaurycy Jaroszyński ; Polska Akademia Nauk. Wydział Nauk Społecznych. |
| 250 | _aOpracowanie nowe, zaktualizowane i uzupełnione. | ||
| 260 |
_aWarszawa : _bZakład Narodowy im. Ossolińskich, Wydawnictwo PAN, _c1971. |
||
| 300 |
_a697 strony : _berrata ; _c18 cm. |
||
| 336 |
_aTekst _btxt _2rdacontent |
||
| 337 |
_aBez urządzenia pośredniczącego _bn _2rdamedia |
||
| 338 |
_aWolumin _bnc _2rdacarrier |
||
| 380 | _aKsiążki. | ||
| 504 | _aIndeks. | ||
| 658 | _aPrawo i wymiar sprawiedliwości | ||
| 651 | 4 | _aPolska | |
| 650 | 4 | _aPrawo | |
| 650 | 4 | _aPracownicy naukowi | |
| 710 | 2 |
_aZakład Narodowy im. Ossolińskich _bWydawnictwo _4pbl. |
|
| 856 |
_uhttp://koha.tu.koszalin.pl/cgi-bin/koha/opac-detail.pl?biblionumber=13307 _yKatalog online BPK |
||
| 942 |
_2UKD _cKS |
||
| 999 |
_c13307 _d13307 |
||